000 00719nam a22002177a 4500
003 KOHA_MİRAKIL
005 20260511121007.0
008 260507b tu ||||| |||| 00| 0 tur d
020 _a9750074483
040 _aTR-AnABB
_btur
_cTR-AnABB
041 _atur
082 _a320.531 509 561
_bMER 2006
100 1 _aMerdanoğlu, Hüsnü
245 1 0 _aKemalizm ile AB'nin çelişkisi /
_cHüsnü Merdanoğlu
260 _aAntalya :
_bYeniden anadolu ve rumeli müdafai hukuk yayınları ,
_c2006
300 _a176 sayfa ;
_c20 cm.
500 _aYazar tarafından Prof. Dr. Ruşen Keleş için imzalanmıştır.
650 0 4 _aKemalizm, Türkiye
900 _bCan ÇELIK
942 _2ddc
_cBK
999 _c10378
_d10378